| 000 | 00782nam a22002417a 4500 | ||
|---|---|---|---|
| 005 | 20131220122806.0 | ||
| 008 | 131126b xxu||||| |||| 00| 0 eng d | ||
| 010 | _aPUN-7770 | ||
| 020 |
_c135.00 _a9789350680902 |
||
| 035 | _aPN-6888 | ||
| 037 | _bDBAD / PUB | ||
| 037 | _bUnistar Books | ||
| 040 |
_adpl _bpn |
||
| 082 | _a851 | ||
| 100 | _aਵਰਿੰਦਰ ਫਰਹਾਦ | ||
| 245 |
_aਨੀਲਇੰਦਰ/ _cਵਰਿੰਦਰ ਫਰਹਾਦ |
||
| 246 |
_aNeelinder _bby Varinder Farhad |
||
| 260 |
_aChandigarh _bUnistar Books _c2012 |
||
| 270 |
_bChandigarh _asco-26-27, sector-34 A _k0172-5077427- 9815471219 _e160022 |
||
| 300 | 4 |
_a87p. _c22ਸੇਂਮੀ (ਸਜਿਲੱਦ) |
|
| 942 |
_2ddc _cPN _h851 _mਵਰਿੰਦ |
||
| 999 |
_c81363 _d81363 |
||